000 00712nam a2200253Ia 4500
008 160803s9999 xx 000 0 und d
020 _a9780545485937 (paperback)
100 _aMurray, Laura
245 4 _aThe gingerbread man loose in the school /
245 _cLaura Murray ; illustrated by Mike Lowery.
260 _aNew York :
260 _bScholastic Inc.
260 _c2011
300 _aunnumbered pages :
300 _bcolor illustrations ;
300 _c29 cm
500 _aOriginally published: New York : G. P. Putnam's Sons, 2011
650 _aFiction.
650 _aFiction.
650 _aStories in rhyme.
650 _xCookies --
650 _xSchools --
700 _a580
999 _c299904
_d299904